[Event "Plzen op 11th"]
[Site "Plzen"]
[Date "2023.03.06"]
[Round "3"]
[White "Heinzel, Olaf"]
[Black "Hosnedl, Jiri"]
[Result "1-0"]
[WhiteElo "2284"]
[BlackElo "1864"]
[PlyCount "51"]
[EventDate "2023.03.04"]
[EventType "swiss"]
[EventRounds "9"]
[EventCountry "CZE"]
[SourceTitle "CBM 213 Extra"]
[Source "ChessBase"]
[SourceDate "2023.05.31"]
[SourceVersion "1"]
[SourceVersionDate "2023.05.31"]
[SourceQuality "1"]

1. d4 d5 2. Bf4 Nf6 3. e3 Bf5 4. Nd2 e6 5. Ngf3 Bd6 6. Ne5 Nbd7 7. Be2 Bxe5 8. dxe5 Ne4 9. Nxe4 Bxe4 10. 0-0 c6 11. f3 Bg6 12. c4 Qb6 13. Qd2 0-0 14. Rac1 Rac8 15. Rc3 Rfd8 16. cxd5 exd5 17. Rb3 Qc7 18. e6 Ne5 19. exf7+ Bxf7 20. Qd4 Re8 21. Qxa7 Re7 22. Bg3 b5 23. Qxc7 Rcxc7 24. Rc1 Ra7 25. Bxe5 Rxe5 26. Rxc6 1-0

[Event "Wroclaw op-A"]
[Site "Wroclaw"]
[Date "2022.07.31"]
[Round "1"]
[White "Kovacs, Geza"]
[Black "Heinzel, Olaf"]
[Result "0-1"]
[WhiteElo "1946"]
[BlackElo "2306"]
[PlyCount "68"]
[EventDate "2022.07.31"]
[EventType "swiss"]
[EventRounds "9"]
[EventCountry "POL"]
[SourceTitle "CBM 209 Extra"]
[Source "ChessBase"]
[SourceDate "2022.09.30"]
[SourceVersion "1"]
[SourceVersionDate "2022.09.30"]
[SourceQuality "1"]

1. e4 d5 2. exd5 Qxd5 3. d4 e5 4. dxe5 Qxd1+ 5. Kxd1 Nc6 6. f4 f6 7. Bb5 Bg4+ 8. Ke1 0-0-0 9. Nf3 Bxf3 10. gxf3 Nd4 11. Bd3 fxe5 12. Kf2 Bc5 13. Kg2 exf4 14. Nc3 Ne7 15. Ne4 Bb6 16. a4 Nb3 17. Bxf4 Nxa1 18. Rxa1 h6 19. a5 Bd4 20. a6 b6 21. Nc3 Bxc3 22. bxc3 Nd5 23. Bd2 Rhf8 24. Kg3 g5 25. Ra4 Rd6 26. c4 Nf4 27. c5 bxc5 28. Bxf4 Rxf4 29. Rxf4 gxf4+ 30. Kxf4 c4 31. Be4 Rxa6 32. Ke5 Kd7 33. Kd5 Rb6 34. Kxc4 a5 0-1

[Event "Wroclaw Anderssen Memorial"]
[Site "Wroclaw"]
[Date "2022.07.30"]
[Round "3"]
[White "Heinzel, Olaf"]
[Black "Stelmaszuk, Maciej"]
[Result "0-1"]
[WhiteElo "2306"]
[BlackElo "1974"]
[PlyCount "34"]
[EventDate "2022.07.30"]
[EventType "swiss (rapid)"]
[EventRounds "9"]
[EventCountry "POL"]
[SourceTitle "CBM 209 Extra"]
[Source "ChessBase"]
[SourceDate "2022.09.30"]
[SourceVersion "1"]
[SourceVersionDate "2022.09.30"]
[SourceQuality "1"]

1. d4 Nf6 2. Bf4 c5 3. e3 d5 4. Nc3 a6 5. Nf3 cxd4 6. exd4 Nc6 7. h3 Bf5 8. Bd3 Bxd3 9. Qxd3 e6 10. g4 Bb4 11. 0-0-0 Qa5 12. Nb1 Qxa2 13. c3 Be7 14. Nfd2 Rc8 15. Rde1 Nb4 16. Qe2 Qa4 17. Nf1 Ne4 0-1

[Event "EU-ch rapid"]
[Site "Tallinn"]
[Date "2019.12.06"]
[Round "9"]
[White "Heinzel, Olaf"]
[Black "Pohjala, Henri"]
[Result "1/2-1/2"]
[WhiteElo "2269"]
[BlackElo "2418"]
[PlyCount "75"]
[EventDate "2019.12.05"]
[EventType "swiss"]
[EventRounds "13"]
[EventCountry "EST"]
[SourceTitle "CBM 193 Extra"]
[Source "ChessBase"]
[SourceDate "2020.01.31"]
[SourceVersion "1"]
[SourceVersionDate "2020.01.31"]
[SourceQuality "1"]

1. d4 d5 2. Bf4 Nf6 3. Nd2 Bf5 4. e3 e6 5. Ngf3 Bd6 6. Ne5 Nbd7 7. Be2 Bxe5 8. dxe5 Ne4 9. Nxe4 Bxe4 10. Bd3 Bxd3 11. cxd3 c6 12. 0-0 0-0 13. Rb1 Qa5 14. Qg4 f5 15. exf6 Rxf6 16. a3 Re8 17. Bg3 Qb5 18. d4 Qd3 19. b3 Rg6 20. Qd1 Qe4 21. a4 e5 22. Qd2 exd4 23. exd4 Rge6 24. a5 Qe2 25. Qb4 b6 26. axb6 axb6 27. h3 h6 28. Qa4 R8e7 29. Rbc1 c5 30. Qa8+ Kh7 31. Qxd5 Nf6 32. Qf5+ g6 33. Qf4 Nh5 34. Qb8 Re8 35. Qc7+ R8e7 36. Qb8 Re8 37. Qc7+ R8e7 38. Qb8 1/2-1/2

[Event "EU-ch rapid"]
[Site "Tallinn"]
[Date "2019.12.06"]
[Round "10"]
[White "Popov, Valerij"]
[Black "Heinzel, Olaf"]
[Result "1-0"]
[WhiteElo "2583"]
[BlackElo "2269"]
[PlyCount "131"]
[EventDate "2019.12.05"]
[EventType "swiss"]
[EventRounds "13"]
[EventCountry "EST"]
[SourceTitle "CBM 193 Extra"]
[Source "ChessBase"]
[SourceDate "2020.01.31"]
[SourceVersion "1"]
[SourceVersionDate "2020.01.31"]
[SourceQuality "1"]

1. c4 Nf6 2. Nf3 c5 3. Nc3 d5 4. cxd5 Nxd5 5. e3 Nc6 6. Bb5 a6 7. Bxc6+ bxc6 8. 0-0 e6 9. Qa4 Qc7 10. b3 Bd7 11. Ba3 Nb4 12. Rac1 a5 13. Ne4 Nxa2 14. Rc4 Nb4 15. Nxc5 Bxc5 16. Rxc5 0-0 17. Ne5 Rfb8 18. Ra1 Ra7 19. Bb2 Be8 20. Bc3 f6 21. Nc4 Nd3 22. Rxa5 Rab7 23. Rb1 c5 24. Qa2 Bf7 25. Ra8 e5 26. Ra1 h6 27. Qc2 Bg6 28. Nb2 Nf4 29. Qd1 Nd5 30. Nc4 Kh7 31. Ba5 Qd7 32. Rxb8 Rxb8 33. h3 Qb5 34. Ra3 Bd3 35. Nb2 Ra8 36. Qf3 Rxa5 37. Rxa5 Qxa5 38. Nxd3 Ne7 39. Qd1 e4 40. Nb2 Nd5 41. Qc2 f5 42. Na4 Nf6 43. Qxc5 Qxd2 44. Qxf5+ Kh8 45. Nc5 Qd1+ 46. Kh2 Qd6+ 47. g3 Qc6 48. Kg2 Qe8 49. g4 Qb5 50. h4 Nxg4 51. Qxg4 Qxc5 52. Qxe4 Qb5 53. b4 Qb6 54. Qc4 Qg6+ 55. Kf1 Qb1+ 56. Ke2 Qb2+ 57. Kf3 Qf6+ 58. Kg3 Qe5+ 59. Qf4 Qb5 60. Qf8+ Kh7 61. Qc5 Qb8+ 62. f4 Qb7 63. b5 Qh1 64. b6 Qe1+ 65. Kf3 Qh1+ 66. Ke2 1-0

[Event "EU-ch rapid"]
[Site "Tallinn"]
[Date "2019.12.05"]
[Round "3"]
[White "Heinzel, Olaf"]
[Black "Babula, Vlastimil"]
[Result "1/2-1/2"]
[WhiteElo "2269"]
[BlackElo "2559"]
[PlyCount "132"]
[EventDate "2019.12.05"]
[EventType "swiss"]
[EventRounds "13"]
[EventCountry "EST"]
[SourceTitle "CBM 193 Extra"]
[Source "ChessBase"]
[SourceDate "2020.01.31"]
[SourceVersion "1"]
[SourceVersionDate "2020.01.31"]
[SourceQuality "1"]

1. d4 Nf6 2. Bf4 c5 3. e3 e6 4. Nf3 cxd4 5. exd4 Qb6 6. Nc3 Nc6 7. a3 d6 8. Be2 Be7 9. 0-0 0-0 10. h3 Bd7 11. Re1 Rac8 12. Bf1 Na5 13. d5 Qxb2 14. dxe6 fxe6 15. Nb5 e5 16. Nxa7 Ra8 17. Be3 Ba4 18. Qd2 Nc6 19. Bd3 e4 20. Reb1 Qxa1 21. Rxa1 exd3 22. Nxc6 Bxc6 23. cxd3 Bxf3 24. gxf3 Kh8 25. Qb2 d5 26. a4 Nd7 27. Qxb7 Bf6 28. d4 Nc5 29. Qxd5 Nxa4 30. Qc6 Nb6 31. Rxa8 Nxa8 32. d5 h6 33. Kg2 Be5 34. Bxh6 Nc7 35. Be3 Rf6 36. Qb7 Rd6 37. f4 Rg6+ 38. Kf3 Bd6 39. Qc8+ Kh7 40. Qf5 Kh6 41. Qe4 Rf6 42. f5+ Kh7 43. Bd4 Rf7 44. Kg2 Re7 45. Qf3 Rf7 46. Bb6 Ne8 47. Qh5+ Kg8 48. Bd4 Nf6 49. Bxf6 Rxf6 50. Qe8+ Kh7 51. Qe4 Kg8 52. Kf1 Kf7 53. Ke2 Be7 54. Kd3 Ra6 55. Qc4 Rd6 56. Ke4 Kf8 57. Qc7 Rh6 58. f4 Kf7 59. h4 Kf8 60. h5 Kf7 61. Ke5 Ra6 62. d6 Rxd6 63. Qc4+ Kf8 64. Ke4 Bf6 65. Kf3 Be7 66. Qc8+ Rd8 1/2-1/2

[Event "EU-ch rapid"]
[Site "Tallinn"]
[Date "2019.12.05"]
[Round "4"]
[White "Stupak, Kirill"]
[Black "Heinzel, Olaf"]
[Result "1-0"]
[WhiteElo "2552"]
[BlackElo "2269"]
[PlyCount "79"]
[EventDate "2019.12.05"]
[EventType "swiss"]
[EventRounds "13"]
[EventCountry "EST"]
[SourceTitle "CBM 193 Extra"]
[Source "ChessBase"]
[SourceDate "2020.01.31"]
[SourceVersion "1"]
[SourceVersionDate "2020.01.31"]
[SourceQuality "1"]

1. d4 Nf6 2. g3 d5 3. Nf3 c6 4. Bg2 Bf5 5. 0-0 e6 6. c4 h6 7. Nc3 Nbd7 8. Qb3 Qb6 9. c5 Qc7 10. Bf4 Qc8 11. Nd2 Be7 12. e4 dxe4 13. Nc4 0-0 14. Bd6 Bxd6 15. Nxd6 Qc7 16. Qxb7 Qxb7 17. Nxb7 Rab8 18. Na5 Rfc8 19. Nc4 Bg6 20. Rfe1 e5 21. dxe5 Nd5 22. Nxe4 Bxe4 23. Bxe4 Nxc5 24. Rac1 Rd8 25. Bb1 Ne6 26. b3 Nd4 27. Kg2 g6 28. Nd6 Rb6 29. Re4 Ne6 30. Ra4 Ra8 31. Be4 Ne7 32. Ra5 Kg7 33. Rd1 Kf8 34. h4 Kg7 35. Rc1 Kf8 36. Rc4 Nc7 37. b4 a6 38. a3 Rd8 39. Rc1 Nb5 40. Nc4 1-0

[Event "Ghent Eastman op 42nd"]
[Site "Ghent"]
[Date "2019.07.22"]
[Round "5"]
[White "Heinzel, Olaf"]
[Black "Stuer, Marc"]
[Result "1-0"]
[WhiteElo "2321"]
[BlackElo "2044"]
[PlyCount "55"]
[EventDate "2019.07.20"]
[EventType "swiss"]
[EventRounds "9"]
[EventCountry "BEL"]
[SourceTitle "CBM 191 Extra"]
[Source "ChessBase"]
[SourceDate "2019.09.30"]
[SourceVersion "1"]
[SourceVersionDate "2019.09.30"]
[SourceQuality "1"]

1. d4 d5 2. Bf4 e6 3. e3 Nf6 4. Nd2 c5 5. c3 Nc6 6. Ngf3 cxd4 7. exd4 Bd6 8. Bg5 0-0 9. Bb5 Bd7 10. 0-0 h6 11. Bh4 Ne7 12. Bd3 Nh5 13. Ne5 Nf4 14. Bc2 Bxe5 15. dxe5 Qe8 16. Bg3 Nfg6 17. Nb3 Ba4 18. h4 Nc6 19. Re1 Rd8 20. h5 Nge7 21. Bh4 d4 22. Qd3 g6 23. hxg6 dxc3 24. gxf7+ Qxf7 25. Qxc3 Rde8 26. Re4 Nf5 27. Rg4+ Kh7 28. Rxa4 1-0

[Event "Ghent Eastman op 42nd"]
[Site "Ghent"]
[Date "2019.07.22"]
[Round "6"]
[White "Lammens, Tim"]
[Black "Heinzel, Olaf"]
[Result "1-0"]
[WhiteElo "2263"]
[BlackElo "2321"]
[PlyCount "81"]
[EventDate "2019.07.20"]
[EventType "swiss"]
[EventRounds "9"]
[EventCountry "BEL"]
[SourceTitle "CBM 191 Extra"]
[Source "ChessBase"]
[SourceDate "2019.09.30"]
[SourceVersion "1"]
[SourceVersionDate "2019.09.30"]
[SourceQuality "1"]

1. Nf3 d5 2. g3 c6 3. Bg2 Nf6 4. c4 Bf5 5. 0-0 e6 6. cxd5 exd5 7. d3 Nbd7 8. Nc3 Be7 9. e4 dxe4 10. dxe4 Bg4 11. h3 Bxf3 12. Qxf3 0-0 13. Bf4 Nc5 14. Rfd1 Qb6 15. e5 Nfd7 16. Rab1 Rfd8 17. b4 Ne6 18. b5 Qa5 19. bxc6 bxc6 20. Qxc6 Nxe5 21. Qb5 Qxb5 22. Nxb5 Rxd1+ 23. Rxd1 Rb8 24. Nxa7 Nxf4 25. gxf4 Bc5 26. fxe5 Bxa7 27. Rd7 Bb6 28. Bd5 Rd8 29. Bxf7+ Kf8 30. Rb7 Rd1+ 31. Kg2 Bd4 32. Bb3 Rd2 33. Rf7+ Ke8 34. e6 Bf6 35. Ba4+ Kd8 36. Rd7+ Rxd7 37. Bxd7 Kc7 38. Kf3 Kd6 39. Ke4 Bd8 40. f3 Bf6 41. a4 1-0

[Event "Ghent Eastman op 42nd"]
[Site "Ghent"]
[Date "2019.07.20"]
[Round "2"]
[White "Fischer, Julie"]
[Black "Heinzel, Olaf"]
[Result "1/2-1/2"]
[WhiteElo "2050"]
[BlackElo "2321"]
[PlyCount "28"]
[EventDate "2019.07.20"]
[EventType "swiss"]
[EventRounds "9"]
[EventCountry "BEL"]
[SourceTitle "CBM 191 Extra"]
[Source "ChessBase"]
[SourceDate "2019.09.30"]
[SourceVersion "1"]
[SourceVersionDate "2019.09.30"]
[SourceQuality "1"]

1. e4 d5 2. exd5 Qxd5 3. Nf3 Nf6 4. Be2 c6 5. 0-0 Bg4 6. Ne5 Bxe2 7. Qxe2 Nbd7 8. Re1 Qxe5 9. Qxe5 Nxe5 10. Rxe5 e6 11. d3 Be7 12. Nd2 Nd5 13. Re2 0-0-0 14. Nf3 Bf6 1/2-1/2

[Event "Ghent Eastman op 42nd"]
[Site "Ghent"]
[Date "2019.07.20"]
[Round "1"]
[White "Heinzel, Olaf"]
[Black "Groenewolt, Jessica"]
[Result "1-0"]
[WhiteElo "2321"]
[BlackElo "1757"]
[PlyCount "33"]
[EventDate "2019.07.20"]
[EventType "swiss"]
[EventRounds "9"]
[EventCountry "BEL"]
[SourceTitle "CBM 191 Extra"]
[Source "ChessBase"]
[SourceDate "2019.09.30"]
[SourceVersion "1"]
[SourceVersionDate "2019.09.30"]
[SourceQuality "1"]

1. d4 d5 2. Bf4 Nf6 3. e3 e6 4. Nf3 Be7 5. Bd3 c5 6. c3 Nc6 7. Nbd2 cxd4 8. exd4 Qb6 9. Qb1 Bd7 10. h3 h6 11. 0-0 0-0 12. Re1 Na5 13. a4 Nb3 14. Nxb3 Qxb3 15. a5 Bb5 16. Nd2 Bxd3 17. Qxd3 1-0

[Event "Krakow op-A 29th"]
[Site "Krakow"]
[Date "2018.12.30"]
[Round "5"]
[White "Kokoszczynski, Jan"]
[Black "Heinzel, Olaf"]
[Result "1/2-1/2"]
[WhiteElo "2242"]
[BlackElo "2326"]
[PlyCount "69"]
[EventDate "2018.12.27"]
[EventType "swiss"]
[EventRounds "9"]
[EventCountry "POL"]
[SourceTitle "CBM 188 Extra"]
[Source "ChessBase"]
[SourceDate "2019.02.26"]
[SourceVersion "1"]
[SourceVersionDate "2019.02.26"]
[SourceQuality "1"]

1. e4 d5 2. exd5 Qxd5 3. Nc3 Qd6 4. d4 Nf6 5. Nf3 c6 6. g3 Bg4 7. Bg2 e6 8. h3 Bxf3 9. Bxf3 Qc7 10. Be3 Nbd7 11. Qe2 Bd6 12. Bg2 0-0 13. 0-0 Nb6 14. Rfd1 Nbd5 15. Nxd5 cxd5 16. c3 Rab8 17. a4 Rfc8 18. Bd2 Qd7 19. Qd3 Bc7 20. b3 Ba5 21. Rac1 Ne8 22. Bf4 Bc7 23. Be3 Nd6 24. c4 dxc4 25. bxc4 Nf5 26. d5 Nxe3 27. Qxe3 exd5 28. Bxd5 Qxa4 29. Ra1 Qb4 30. Rdb1 Qd6 31. Rxa7 b5 32. Qf3 Qc5 33. Ra2 bxc4 34. Rc1 Qe7 35. Bxc4 1/2-1/2

[Event "Krakow op-A 29th"]
[Site "Krakow"]
[Date "2018.12.27"]
[Round "1"]
[White "Dmochowska, Agnieszka"]
[Black "Heinzel, Olaf"]
[Result "1/2-1/2"]
[WhiteElo "2151"]
[BlackElo "2326"]
[PlyCount "45"]
[EventDate "2018.12.27"]
[EventType "swiss"]
[EventRounds "9"]
[EventCountry "POL"]
[SourceTitle "CBM 189 Extra"]
[Source "ChessBase"]
[SourceDate "2019.06.03"]
[SourceVersion "1"]
[SourceVersionDate "2019.06.03"]
[SourceQuality "1"]

1. e4 d5 2. exd5 Qxd5 3. Nc3 Qd6 4. d4 Nf6 5. Nf3 c6 6. a4 Bg4 7. Bd3 e6 8. h3 Bxf3 9. Qxf3 Nbd7 10. Be3 Be7 11. 0-0 0-0 12. Rad1 Qc7 13. Ne4 Nxe4 14. Qxe4 g6 15. Bh6 Rfd8 16. Qf3 Nb6 17. b3 Bf8 18. Bxf8 Rxf8 19. h4 Rad8 20. c3 Qe7 21. g3 Kg7 22. Kg2 Qf6 23. Qxf6+ 1/2-1/2

[Event "EU-Cup 34th"]
[Site "Porto Carras"]
[Date "2018.10.14"]
[Round "3.1"]
[White "Bates, Richard"]
[Black "Heinzel, Olaf"]
[Result "0-1"]
[WhiteElo "2374"]
[BlackElo "2331"]
[PlyCount "74"]
[EventDate "2018.10.12"]
[EventType "team-swiss"]
[EventRounds "7"]
[EventCountry "GRE"]
[SourceTitle "CBM 187"]
[Source "ChessBase"]
[SourceDate "2018.12.11"]
[SourceVersion "1"]
[SourceVersionDate "2018.12.11"]
[SourceQuality "1"]
[WhiteTeam "Blackthorne Russia"]
[BlackTeam "Bonnevoie Gambit"]
[WhiteTeamCountry "ENG"]
[BlackTeamCountry "BEL"]

1. d4 d5 2. c4 c6 3. Nf3 Nf6 4. e3 Bf5 5. Nc3 e6 6. Nh4 Bg6 7. Be2 Nbd7 8. 0-0 Bd6 9. g3 Nf8 10. c5 Bc7 11. b4 h6 12. b5 Ne4 13. Bb2 Bh7 14. Bd3 g5 15. Ng2 f5 16. f3 Nf6 17. Bc2 Ng6 18. e4 f4 19. e5 fxg3 20. f4 gxh2+ 21. Kh1 0-0 22. exf6 Qxf6 23. Qd3 Qg7 24. fxg5 hxg5 25. Qh3 Rae8 26. bxc6 bxc6 27. Ne2 e5 28. dxe5 Nxe5 29. Qxh7+ Qxh7 30. Bxh7+ Kxh7 31. Bxe5 Bxe5 32. Rab1 Rb8 33. Rbe1 Rxf1+ 34. Rxf1 d4 35. Ne1 Rb1 36. Kg2 d3 37. Ng3 Bxg3 0-1

[Event "EU-ch blitz"]
[Site "Katowice"]
[Date "2017.12.15"]
[Round "10"]
[White "Heinzel, Olaf"]
[Black "Strejczek, Dariusz"]
[Result "1-0"]
[WhiteElo "2360"]
[BlackElo "2149"]
[PlyCount "97"]
[EventDate "2017.12.15"]
[EventType "swiss (blitz)"]
[EventRounds "22"]
[EventCountry "POL"]
[SourceTitle "CBM 182 Extra"]
[Source "ChessBase"]
[SourceDate "2018.02.23"]
[SourceVersion "1"]
[SourceVersionDate "2018.02.23"]
[SourceQuality "1"]

1. d4 Nf6 2. Bf4 d6 3. e3 g6 4. Be2 Bg7 5. h4 Nbd7 6. Nf3 c5 7. c3 Qb6 8. Qb3 Qc7 9. Ng5 0-0 10. h5 e5 11. dxe5 dxe5 12. Bg3 Nb6 13. hxg6 hxg6 14. Nd2 Bf5 15. e4 Bd7 16. a4 a5 17. Ndf3 Nh5 18. Rxh5 gxh5 19. Bb5 c4 20. Qd1 Bg4 21. Qc2 Rad8 22. Nh4 f6 23. Ngf3 Bh6 24. b3 Kh7 25. Rb1 Rf7 26. Qb2 Qc5 27. Qa2 Rd3 28. bxc4 Rxc3 29. Kf1 Ra3 30. Qc2 Rf8 31. Kg1 Rg8 32. Kh2 Rd8 33. Rd1 Qe7 34. c5 Rxd1 35. Qxd1 Qxc5 36. Qd8 Nxa4 37. Be8 Qf8 38. Qc7+ Qg7 39. Qd6 Ra2 40. Nf5 Bxf5 41. exf5 e4 42. Bg6+ Kh8 43. Nd4 Nc3 44. Ne6 Qg8 45. Qd4 Ne2 46. Qxf6+ Bg7 47. Nxg7 Qxg7 48. Qd8+ Qg8 49. Be5# 1-0

[Event "EU-ch blitz"]
[Site "Katowice"]
[Date "2017.12.15"]
[Round "9"]
[White "Strejczek, Dariusz"]
[Black "Heinzel, Olaf"]
[Result "0-1"]
[WhiteElo "2149"]
[BlackElo "2360"]
[PlyCount "61"]
[EventDate "2017.12.15"]
[EventType "swiss (blitz)"]
[EventRounds "22"]
[EventCountry "POL"]
[SourceTitle "CBM 182 Extra"]
[Source "ChessBase"]
[SourceDate "2018.02.23"]
[SourceVersion "1"]
[SourceVersionDate "2018.02.23"]
[SourceQuality "1"]

1. d4 Nf6 2. c4 e5 3. d5 Bc5 4. e3 d6 5. Nc3 a6 6. Bd3 0-0 7. Bc2 Nbd7 8. Nge2 Re8 9. Ng3 Nf8 10. b3 b5 11. Qe2 Bb7 12. 0-0 Qd7 13. a4 bxc4 14. bxc4 a5 15. Rb1 c6 16. e4 Ng6 17. Be3 Bb4 18. Na2 c5 19. h3 Ba6 20. Bb3 Nf4 21. Qf3 g5 22. Nf5 Kh8 23. Kh2 Bc8 24. g3 Ng6 25. Bxg5 Nxe4 26. Qxe4 Qxf5 27. Qxf5 Bxf5 28. Bf6+ Kg8 29. Rbd1 Nf8 30. g4 Bg6 31. h4 0-1

[Event "EU-Cup 32nd"]
[Site "Novi Sad"]
[Date "2016.11.07"]
[Round "2.1"]
[White "Heinzel, Olaf"]
[Black "Napoli, Nicolo"]
[Result "1/2-1/2"]
[WhiteElo "2358"]
[BlackElo "2243"]
[PlyCount "96"]
[EventDate "2016.11.06"]
[EventType "team-swiss"]
[EventRounds "7"]
[EventCountry "SRB"]
[SourceTitle "CBM 176"]
[Source "ChessBase"]
[SourceDate "2017.01.17"]
[SourceVersion "1"]
[SourceVersionDate "2017.01.17"]
[SourceQuality "1"]
[WhiteTeam "Bonnevoie Gambit"]
[BlackTeam "Rome Steinitz"]
[WhiteTeamCountry "LUX"]
[BlackTeamCountry "ITA"]

1. d4 Nf6 2. Bf4 g6 3. e3 Bg7 4. Be2 d6 5. h4 h5 6. Nc3 c6 7. Nf3 Qa5 8. 0-0 Bg4 9. a4 Nbd7 10. Nd2 Bxe2 11. Qxe2 Qf5 12. Nc4 Qg4 13. Qxg4 hxg4 14. g3 Nd5 15. Ne2 N7b6 16. Nxb6 axb6 17. c3 e5 18. dxe5 dxe5 19. Bg5 f6 20. e4 fxg5 21. exd5 gxh4 22. dxc6 bxc6 23. gxh4 Rxh4 24. Ng3 Bh6 25. Rfe1 Bf4 26. Nf1 Rh3 27. Re4 Kf7 28. Rd1 Ke6 29. Rb4 Ra6 30. Rd8 c5 31. Rb5 Kf5 32. Rd6 Rxa4 33. Rbxb6 g5 34. Kg2 Ra1 35. Ra6 Rb1 36. Rf6+ Ke4 37. Rxf4+ exf4 38. Nd2+ Kd3 39. Nxb1 f3+ 40. Kg1 g3 41. fxg3 g4 42. Rd6+ Kc2 43. Nd2 Rxg3+ 44. Kf1 Kxb2 45. Ne4 Rh3 46. Nf2 Rh4 47. Rg6 Kxc3 48. Nxg4 c4 1/2-1/2